000 01179nam a2200241Ia 4500
003 PE SENCICO BE
005 20260220195338.0
008 200515s9999 xx 000 0 und d
040 _aPE SENCICO BE
_cPE SENCICO BE
041 _aspa
082 _a303.485
_bO77
100 1 _aOshiro Higa, Fernando
_9191
_eautor
245 1 0 _aTerremotos e incendios /
_cFernando Oshiro Higa
250 _a[1a ed.]
260 _aLima :
_csin año
300 _a159 páginas :
_bilustraciones ;
_c24 cm.
505 0 _aTerremoto e incendios -- Medidas de prevención -- Resumen gráficos explicativos
520 3 _aTrabajo dividido en tres partes. La primera, bajo el título de "terremotos e Incendios", nos brinda la introducción a los conocimientos necesarios sobre incendios, su relación con los sismos. La prevención y extinción del fuego, como medio de minimizar los efectos del desastre sísmico. La segunda parte expone los resultados de las investigaciones referentes a nuestra situación, en cualesquiera de las circunstancias en las que nos encontremos.
650 1 0 _aIncendios
_9374
650 2 0 _aSismos
_9372
650 2 0 _aDesastres naturales
_9370
942 _cLIB
_2ddc
999 _c3248
_d3248